[Event "Bundesliga 2324"]
[Site "Germany"]
[Date "2024.01.14"]
[Round "6.6"]
[White "Hertneck, Gerald"]
[Black "Riehle, Marco"]
[Result "0-1"]
[WhiteElo "2441"]
[BlackElo "2368"]
[PlyCount "87"]
[EventDate "2023.10.21"]
[EventType "team-tourn"]
[EventRounds "15"]
[EventCountry "GER"]
[SourceTitle "CB03_2024"]
[SourceDate "2024.01.17"]
[SourceVersion "1"]
[SourceVersionDate "2024.01.17"]
[SourceQuality "1"]
[WhiteTeam "Muenchen Zugzwang"]
[BlackTeam "Oetigheim"]
[WhiteTeamCountry "GER"]
[BlackTeamCountry "GER"]

1. d4 d5 2. Nf3 Nf6 3. c4 e6 4. Nc3 c5 5. cxd5 Nxd5 6. e3 cxd4 7. exd4 Nxc3 8. bxc3 Qc7 9. Bb2 Nd7 10. a4 Bd6 11. Bd3 b6 12. 0-0 Bb7 13. Re1 0-0 14. c4 h6 15. h3 Rac8 16. a5 Rfe8 17. axb6 axb6 18. Rc1 Bf4 19. Rc3 Bxf3 20. gxf3 Qd8 21. Kf1 Qh4 22. Bb1 Nf6 23. Kg2 Qg5+ 24. Kh1 Qh4 25. Kg2 Nh5 26. Rh1 Red8 27. Kf1 Be5 28. Rd3 Bf6 29. Qc2 g6 30. Re3 Bxd4 31. Re4 Qf6 32. Bxd4 Rxd4 33. Rg1 Rcxc4 34. Qxc4 Rxc4 35. Rxc4 Qxf3 36. Be4 Qd1+ 37. Kg2 Nf4+ 38. Kh1 Qe2 39. Rc8+ Kg7 40. Bg2 Qxf2 41. Rcc1 Ne2 42. Rgf1 Ng3+ 43. Kh2 Nxf1+ 44. Rxf1 0-1

[Event "Bundesliga 2324"]
[Site "Germany"]
[Date "2023.12.03"]
[Round "4.2"]
[White "Hertneck, Gerald"]
[Black "Vogel, Roven"]
[Result "1/2-1/2"]
[WhiteElo "2441"]
[BlackElo "2471"]
[PlyCount "40"]
[EventDate "2023.10.21"]
[EventType "team-tourn"]
[EventRounds "15"]
[EventCountry "GER"]
[SourceTitle "CB49_2023"]
[SourceDate "2023.12.06"]
[SourceVersion "1"]
[SourceVersionDate "2023.12.06"]
[SourceQuality "1"]
[WhiteTeam "Muenchen Zugzwang"]
[BlackTeam "Dresden TU"]
[WhiteTeamCountry "GER"]
[BlackTeamCountry "GER"]

1. d4 Nf6 2. c4 e6 3. Nf3 d5 4. Nc3 Bb4 5. Bg5 h6 6. Bxf6 Qxf6 7. Qa4+ Nc6 8. e3 0-0 9. Be2 Rd8 10. 0-0 dxc4 11. Bxc4 Bxc3 12. bxc3 Bd7 13. Qa3 Qe7 14. Qxe7 Nxe7 15. Ne5 Be8 16. Rfb1 Rab8 17. Rb3 Nc6 18. Nxc6 Bxc6 19. a4 Bd5 20. Bxd5 Rxd5 1/2-1/2

[Event "AUT-ch"]
[Site "Vienna"]
[Date "2023.07.28"]
[Round "7"]
[White "Hertneck, Gerald"]
[Black "Schroll, Gerhard"]
[Result "1/2-1/2"]
[WhiteElo "2456"]
[BlackElo "2242"]
[PlyCount "85"]
[EventDate "2023.07.22"]
[EventType "swiss"]
[EventRounds "9"]
[EventCountry "AUT"]
[SourceTitle "CBM 215 Extra"]
[Source "ChessBase"]
[SourceDate "2023.09.30"]
[SourceVersion "1"]
[SourceVersionDate "2023.09.30"]
[SourceQuality "1"]

1. d4 f5 2. Nc3 Nf6 3. Bg5 d5 4. Bxf6 exf6 5. e3 Be6 6. Nge2 Qd7 7. Nf4 Bf7 8. Bd3 Nc6 9. a3 g6 10. Qf3 0-0-0 11. h4 Ne5 12. dxe5 fxe5 13. Bb5 c6 14. Nfxd5 Bxd5 15. Qxd5 Qxd5 16. Nxd5 Rxd5 17. Bc4 Rd6 18. Rd1 Rxd1+ 19. Kxd1 Kd7 20. h5 Bg7 21. e4 f4 22. Bf7 gxh5 23. Rxh5 Ke7 24. Bc4 h6 25. Ke2 Bf6 26. Rf5 Rh7 27. Kf3 h5 28. b4 h4 29. Bf1 Rh8 30. Kg4 Rg8+ 31. Kh3 Rg5 32. Rxg5 Bxg5 33. Kg4 Kf6 34. f3 Kg6 35. Bc4 Be7 36. Be6 b6 37. Bd7 c5 38. b5 c4 39. a4 Bc5 40. Kxh4 Bf2+ 41. Kg4 c3 42. Be6 Bg3 43. Bd5 1/2-1/2

[Event "AUT-ch"]
[Site "Vienna"]
[Date "2023.07.27"]
[Round "6"]
[White "Hng, Mei En Emmanuelle"]
[Black "Hertneck, Gerald"]
[Result "1/2-1/2"]
[WhiteElo "2040"]
[BlackElo "2456"]
[PlyCount "66"]
[EventDate "2023.07.22"]
[EventType "swiss"]
[EventRounds "9"]
[EventCountry "AUT"]
[SourceTitle "CBM 215 Extra"]
[Source "ChessBase"]
[SourceDate "2023.09.30"]
[SourceVersion "1"]
[SourceVersionDate "2023.09.30"]
[SourceQuality "1"]

1. e4 e6 2. d4 d5 3. Nc3 Bb4 4. e5 Qd7 5. Qg4 f5 6. Qg3 Qf7 7. f4 b6 8. Bd2 Ne7 9. a3 Bxc3 10. Bxc3 Ba6 11. Bxa6 Nxa6 12. Qd3 Nb8 13. Nf3 h6 14. 0-0 c5 15. dxc5 bxc5 16. b4 c4 17. Qe3 Nd7 18. a4 0-0 19. b5 Rfb8 20. Bb4 Rb7 21. Nd4 a6 22. c3 Nc8 23. Kh1 g6 24. g4 fxg4 25. f5 gxf5 26. Qxh6 Ne7 27. Nxe6 Qg6 28. Qxg6+ Nxg6 29. Nf4 Nxf4 30. Rxf4 Nxe5 31. Rxf5 Nd3 32. Rxd5 axb5 33. a5 Ra6 1/2-1/2

[Event "BL2-Ost 2223"]
[Site "Germany"]
[Date "2023.02.04"]
[Round "5.3"]
[White "Hertneck, Gerald"]
[Black "Natsidis, Christoph"]
[Result "1-0"]
[WhiteElo "2465"]
[BlackElo "2308"]
[PlyCount "67"]
[EventDate "2022.10.22"]
[EventType "team-tourn"]
[EventRounds "10"]
[EventCountry "GER"]
[SourceTitle "EXT 2024"]
[Source "ChessBase"]
[SourceDate "2023.10.10"]
[SourceVersion "1"]
[SourceVersionDate "2023.10.10"]
[SourceQuality "1"]
[WhiteTeam "Muenchen Zugzwang"]
[BlackTeam "Leipzig SG"]
[WhiteTeamCountry "GER"]
[BlackTeamCountry "GER"]

1. d4 Nf6 2. c4 e6 3. Nf3 d5 4. Nc3 Be7 5. Bf4 0-0 6. e3 c6 7. Qc2 Nbd7 8. cxd5 Nxd5 9. Nxd5 exd5 10. Bd3 Nf6 11. 0-0 Bg4 12. Ne5 Bh5 13. b4 a6 14. Rab1 Bg6 15. a4 Bxd3 16. Nxd3 Bd6 17. b5 Bxf4 18. Nxf4 cxb5 19. axb5 a5 20. b6 Qb8 21. Rb5 Rc8 22. Qa2 Qd6 23. Rxa5 Rxa5 24. Qxa5 g5 25. Ne2 h5 26. Rc1 Rxc1+ 27. Nxc1 Ng4 28. g3 Qf6 29. Nd3 Qf3 30. Qd2 h4 31. Ne1 Qf5 32. Qc2 Qe6 33. Nf3 f6 34. Qg6+ 1-0

[Event "BL2-Ost 2223"]
[Site "Germany"]
[Date "2022.10.22"]
[Round "1.5"]
[White "Kochiev, Ivan"]
[Black "Hertneck, Gerald"]
[Result "0-1"]
[WhiteElo "2030"]
[BlackElo "2465"]
[PlyCount "66"]
[EventDate "2022.10.22"]
[EventType "team-tourn"]
[EventRounds "10"]
[EventCountry "GER"]
[SourceTitle "EXT 2024"]
[Source "ChessBase"]
[SourceDate "2023.10.10"]
[SourceVersion "1"]
[SourceVersionDate "2023.10.10"]
[SourceQuality "1"]
[WhiteTeam "Nuernberg NT"]
[BlackTeam "Muenchen Zugzwang"]
[WhiteTeamCountry "GER"]
[BlackTeamCountry "GER"]

1. e4 e6 2. d4 d5 3. Nd2 Nd7 4. c3 Ne7 5. Ngf3 g6 6. Bd3 Bg7 7. 0-0 0-0 8. Bc2 c5 9. exd5 Nxd5 10. dxc5 Nxc5 11. Nb3 b6 12. Nxc5 bxc5 13. Qe2 Qb6 14. Rd1 Ba6 15. Bd3 Bxd3 16. Rxd3 c4 17. Rd1 Rfc8 18. Be3 Nxe3 19. fxe3 Bh6 20. Kf2 Rc5 21. Rac1 Rd5 22. Rd4 Rc8 23. Rc2 Ra5 24. a3 Rb5 25. Rcd2 e5 26. Rd6 Qb8 27. R6d5 Rxd5 28. Rxd5 e4 29. Ne5 Bg7 30. Nxc4 Qb3 31. Nd6 Qxd5 32. Nxc8 Qf5+ 33. Ke1 Qxc8 0-1

[Event "GER-ch blitz"]
[Site "Magdeburg"]
[Date "2022.08.21"]
[Round "26"]
[White "Abel, Dennes"]
[Black "Hertneck, Gerald"]
[Result "0-1"]
[WhiteElo "2476"]
[BlackElo "2327"]
[PlyCount "91"]
[EventDate "2022.08.21"]
[EventType "tourn (blitz)"]
[EventRounds "29"]
[EventCountry "GER"]
[EventCategory "5"]
[SourceTitle "CBM 210 Extra"]
[Source "ChessBase"]
[SourceDate "2022.11.30"]
[SourceVersion "1"]
[SourceVersionDate "2022.11.30"]
[SourceQuality "1"]

1. d4 Nf6 2. c4 c5 3. Nf3 cxd4 4. Nxd4 g6 5. Nc3 Bg7 6. e4 d6 7. Be2 0-0 8. 0-0 Nc6 9. Nc2 a5 10. Be3 Bd7 11. Qd2 a4 12. f3 Qa5 13. Na3 Rfc8 14. Rfd1 Be6 15. Rac1 Ne5 16. Nd5 Qxd2 17. Bxd2 Nxd5 18. exd5 Bd7 19. Kf2 f5 20. g3 Be8 21. Bc3 Kf7 22. Re1 Bf6 23. f4 Nd7 24. Bxf6 Kxf6 25. Nb5 Nc5 26. Nd4 Ra6 27. Ke3 Rb6 28. Rc2 Bf7 29. Rb1 Ra8 30. Bf3 e5 31. dxe6 Bxe6 32. Nxe6 Nxe6 33. Kd3 Nc5+ 34. Kc3 Re8 35. Re2 Rxe2 36. Bxe2 Ra6 37. Bf3 Ra8 38. Rd1 Ke7 39. Rd2 Kd7 40. Re2 Rb8 41. b4 axb3 42. axb3 b5 43. Bd5 b4+ 44. Kc2 Rb6 45. Re1 Ra6 46. Rb1 0-1

[Event "GER-ch blitz"]
[Site "Magdeburg"]
[Date "2022.08.21"]
[Round "2"]
[White "Braun, Georg"]
[Black "Hertneck, Gerald"]
[Result "0-1"]
[WhiteElo "2386"]
[BlackElo "2327"]
[PlyCount "26"]
[EventDate "2022.08.21"]
[EventType "tourn (blitz)"]
[EventRounds "29"]
[EventCountry "GER"]
[EventCategory "5"]
[SourceTitle "CBM 210 Extra"]
[Source "ChessBase"]
[SourceDate "2022.11.30"]
[SourceVersion "1"]
[SourceVersionDate "2022.11.30"]
[SourceQuality "1"]

1. c4 e5 2. g3 Nf6 3. Bg2 d5 4. cxd5 Nxd5 5. Nc3 Nb6 6. d3 Be7 7. Nf3 Nc6 8. a3 0-0 9. 0-0 Re8 10. b4 Bf8 11. Bb2 a5 12. b5 Nd4 13. Rc1 a4 0-1

[Event "GER-ch blitz"]
[Site "Magdeburg"]
[Date "2022.08.21"]
[Round "14"]
[White "Ehmann, Thilo"]
[Black "Hertneck, Gerald"]
[Result "1-0"]
[WhiteElo "2397"]
[BlackElo "2327"]
[PlyCount "91"]
[EventDate "2022.08.21"]
[EventType "tourn (blitz)"]
[EventRounds "29"]
[EventCountry "GER"]
[EventCategory "5"]
[SourceTitle "CBM 210 Extra"]
[Source "ChessBase"]
[SourceDate "2022.11.30"]
[SourceVersion "1"]
[SourceVersionDate "2022.11.30"]
[SourceQuality "1"]

1. e4 e6 2. d4 d5 3. Nc3 Bb4 4. e5 Ne7 5. h4 c5 6. a3 Bxc3+ 7. bxc3 Qc7 8. Nf3 b6 9. h5 h6 10. Bb5+ Bd7 11. Bd3 Ba4 12. Rh4 c4 13. Be2 Na6 14. Rf4 Qd7 15. Rb1 Nc7 16. Rb4 Bc6 17. a4 Bxa4 18. Rb1 Bc6 19. Ba3 Nb5 20. Bb2 a5 21. Qc1 a4 22. Ra1 0-0 23. Rg4 Kh7 24. Qf4 f5 25. exf6 Rxf6 26. Qd2 Nf5 27. Ne5 Qc7 28. Kf1 a3 29. Bc1 a2 30. Kg1 Nbd6 31. f3 Nf7 32. Nxf7 Qxf7 33. Qf4 Qxh5 34. Qc7 Qe8 35. Bf4 Qd7 36. Qxb6 Rff8 37. Qb2 Qa7 38. Be5 Qa3 39. Qb4 Qxb4 40. cxb4 Ra3 41. Kf2 Ne3 42. Rxg7+ Kh8 43. Ra7+ Kg8 44. Rxa3 Ng4+ 45. Ke1 Nxe5 46. dxe5 1-0

[Event "GER-ch blitz"]
[Site "Magdeburg"]
[Date "2022.08.21"]
[Round "23"]
[White "Hertneck, Gerald"]
[Black "Arndt, Magnus"]
[Result "1/2-1/2"]
[WhiteElo "2327"]
[BlackElo "2365"]
[PlyCount "83"]
[EventDate "2022.08.21"]
[EventType "tourn (blitz)"]
[EventRounds "29"]
[EventCountry "GER"]
[EventCategory "5"]
[SourceTitle "CBM 210 Extra"]
[Source "ChessBase"]
[SourceDate "2022.11.30"]
[SourceVersion "1"]
[SourceVersionDate "2022.11.30"]
[SourceQuality "1"]

1. d4 Nf6 2. c4 e6 3. Nf3 a6 4. Nc3 d5 5. cxd5 exd5 6. Bg5 Be6 7. e3 Nbd7 8. Bd3 Bd6 9. Bh4 c6 10. Bg3 Qb8 11. Qc2 0-0 12. Ne2 Re8 13. Ng5 Nf8 14. Nxe6 Nxe6 15. 0-0 Qd8 16. Rab1 Ne4 17. Bxe4 dxe4 18. Qxe4 Nf4 19. Qf3 Nxe2+ 20. Qxe2 Bxg3 21. hxg3 Qxd4 22. Rfd1 Qf6 23. Rd7 Re7 24. Rbd1 g6 25. Rxe7 Qxe7 26. Qd3 Re8 27. a3 h5 28. Qb3 b5 29. Qc3 c5 30. Rd5 c4 31. Qd4 Qe4 32. Rd8 Qb1+ 33. Kh2 Rxd8 34. Qxd8+ Kg7 35. Qd4+ Kg8 36. Qf6 Qc2 37. f3 a5 38. Qd8+ Kg7 39. Qd4+ Kg8 40. Qd8+ Kg7 41. Qd4+ Kg8 42. Qd8+ 1/2-1/2

[Event "GER-ch blitz"]
[Site "Magdeburg"]
[Date "2022.08.21"]
[Round "25"]
[White "Hertneck, Gerald"]
[Black "Bluebaum, Matthias"]
[Result "1/2-1/2"]
[WhiteElo "2327"]
[BlackElo "2603"]
[PlyCount "119"]
[EventDate "2022.08.21"]
[EventType "tourn (blitz)"]
[EventRounds "29"]
[EventCountry "GER"]
[EventCategory "5"]
[SourceTitle "CBM 210 Extra"]
[Source "ChessBase"]
[SourceDate "2022.11.30"]
[SourceVersion "1"]
[SourceVersionDate "2022.11.30"]
[SourceQuality "1"]

1. d4 Nf6 2. Nf3 d5 3. c4 e6 4. Nc3 Bb4 5. Qa4+ Nc6 6. e3 0-0 7. Bd2 Qe8 8. Qc2 dxc4 9. Bxc4 e5 10. d5 e4 11. dxc6 exf3 12. gxf3 Qxc6 13. Be2 Be6 14. 0-0-0 Rfd8 15. Ne4 Qxc2+ 16. Kxc2 Bxd2 17. Rxd2 Rxd2+ 18. Nxd2 Rd8 19. b3 Kf8 20. Bc4 Bxc4 21. Nxc4 Rd5 22. Rg1 Rh5 23. Rg2 g6 24. f4 Ke7 25. Ne5 Nd7 26. Nf3 h6 27. h4 Rc5+ 28. Kb2 Rd5 29. Rg1 Nc5 30. Kc2 Ne4 31. Rg2 c5 32. a4 b6 33. Rh2 a6 34. Rg2 b5 35. axb5 axb5 36. Rh2 Kf6 37. Rg2 Rd8 38. Kb2 Rd1 39. Nh2 Rd2+ 40. Kc1 Ra2 41. Ng4+ Kg7 42. h5 gxh5 43. Ne5+ Kf6 44. Rh2 Rxf2 45. Rxh5 Ke6 46. Nd3 Rf3 47. Re5+ Kf6 48. Rxe4 h5 49. Re5 h4 50. Rh5 Rxe3 51. Kd2 Rh3 52. Nxc5 Kg6 53. Rg5+ Kh6 54. Ne4 Rxb3 55. Nf6 Rf3 56. Ng4+ Kh7 57. f5 b4 58. f6 Rg3 59. Rg7+ Kh8 60. Rg5 1/2-1/2

[Event "GER-ch blitz"]
[Site "Magdeburg"]
[Date "2022.08.21"]
[Round "17"]
[White "Hertneck, Gerald"]
[Black "Frischmann, Rick"]
[Result "1-0"]
[WhiteElo "2327"]
[BlackElo "2369"]
[PlyCount "61"]
[EventDate "2022.08.21"]
[EventType "tourn (blitz)"]
[EventRounds "29"]
[EventCountry "GER"]
[EventCategory "5"]
[SourceTitle "CBM 210 Extra"]
[Source "ChessBase"]
[SourceDate "2022.11.30"]
[SourceVersion "1"]
[SourceVersionDate "2022.11.30"]
[SourceQuality "1"]

1. d4 d5 2. c4 Nc6 3. Nf3 Bg4 4. Nc3 e6 5. e3 Nf6 6. Be2 Bd6 7. 0-0 0-0 8. b3 Ne4 9. Nxe4 dxe4 10. Nd2 Bxe2 11. Qxe2 f5 12. f4 exf3 13. Nxf3 e5 14. c5 Be7 15. Qc4+ Kh8 16. d5 Na5 17. Qc3 b6 18. cxb6 axb6 19. Nxe5 Qxd5 20. Bb2 Bf6 21. Rxf5 Qe6 22. Raf1 c5 23. Qc2 Nb7 24. Rh5 h6 25. Ng6+ Kg8 26. Nxf8 Qxe3+ 27. Kh1 Rxa2 28. Qc4+ Kxf8 29. Bxf6 Rf2 30. Bh4 Nd6 31. Rxf2+ 1-0

[Event "GER-ch blitz"]
[Site "Magdeburg"]
[Date "2022.08.21"]
[Round "19"]
[White "Hertneck, Gerald"]
[Black "Scheftlein, Richard"]
[Result "1-0"]
[WhiteElo "2327"]
[BlackElo "2279"]
[PlyCount "139"]
[EventDate "2022.08.21"]
[EventType "tourn (blitz)"]
[EventRounds "29"]
[EventCountry "GER"]
[EventCategory "5"]
[SourceTitle "CBM 210 Extra"]
[Source "ChessBase"]
[SourceDate "2022.11.30"]
[SourceVersion "1"]
[SourceVersionDate "2022.11.30"]
[SourceQuality "1"]

1. d4 Nf6 2. c4 e6 3. Nf3 d5 4. Nc3 Bb4 5. Qa4+ Nc6 6. e3 0-0 7. Bd2 a6 8. Qc2 dxc4 9. Bxc4 Bd6 10. 0-0 Qe7 11. e4 e5 12. d5 Nd4 13. Qd3 b5 14. Bb3 Nxb3 15. axb3 Bb7 16. Ne2 c6 17. dxc6 Bxc6 18. Ng3 g6 19. Rfc1 Bb7 20. Bg5 Qe6 21. h3 Rfc8 22. Bxf6 Qxf6 23. Nf1 Bc5 24. Ne3 Qf4 25. Nd2 Bd4 26. Rxc8+ Rxc8 27. Rb1 h5 28. g3 Qf6 29. Kg2 Qc6 30. Re1 Kg7 31. Kh2 Qb6 32. Nf3 Bxb2 33. Re2 Bd4 34. Nd5 Bxd5 35. exd5 f6 36. Nh4 f5 37. Qd2 Qd6 38. Qg5 Rf8 39. Rc2 Qf6 40. Rc7+ Rf7 41. Qxf6+ Kxf6 42. Rc6+ Kg7 43. Rxg6+ Kh7 44. Rxa6 Bxf2 45. Re6 e4 46. d6 e3 47. Re7 Kg8 48. Kg2 Rxe7 49. dxe7 Kf7 50. Nxf5 Ke8 51. Kf3 Bg1 52. Nxe3 Kxe7 53. Nf5+ Kf6 54. Ke4 Bf2 55. g4 hxg4 56. hxg4 Be1 57. Ne3 Kg5 58. Kf3 Bd2 59. Nc2 Bc3 60. Ne3 Bd4 61. Nd5 Bc5 62. Nc3 Bd4 63. Nxb5 Bb6 64. Nd6 Kf6 65. Ke4 Ke6 66. Nf5 Bc5 67. g5 Bb4 68. g6 Kf6 69. g7 Kf7 70. Kd5 1-0

[Event "GER-ch blitz"]
[Site "Magdeburg"]
[Date "2022.08.21"]
[Round "21"]
[White "Hertneck, Gerald"]
[Black "Walter, Andreas"]
[Result "1-0"]
[WhiteElo "2327"]
[BlackElo "2241"]
[PlyCount "69"]
[EventDate "2022.08.21"]
[EventType "tourn (blitz)"]
[EventRounds "29"]
[EventCountry "GER"]
[EventCategory "5"]
[SourceTitle "CBM 210 Extra"]
[Source "ChessBase"]
[SourceDate "2022.11.30"]
[SourceVersion "1"]
[SourceVersionDate "2022.11.30"]
[SourceQuality "1"]

1. d4 d5 2. c4 c6 3. Nf3 Nf6 4. Nc3 e6 5. Bg5 dxc4 6. e4 b5 7. e5 h6 8. Bh4 g5 9. Nxg5 hxg5 10. Bxg5 Nbd7 11. g3 Bb7 12. Bg2 Qb6 13. exf6 0-0-0 14. 0-0 c5 15. d5 b4 16. Na4 Qa6 17. a3 Bxd5 18. axb4 Bxg2 19. Kxg2 Qc6+ 20. f3 Ne5 21. Qe2 Nd3 22. Nxc5 Bxc5 23. bxc5 Qxc5 24. h4 Rdg8 25. Qe4 Qd5 26. Qxd5 exd5 27. Rxa7 Kb8 28. Rxf7 Rf8 29. Rd7 Rd8 30. Rxd8+ Rxd8 31. Bh6 Rd7 32. g4 Kc7 33. g5 Kd6 34. g6 Ke6 35. f7 1-0

[Event "GER-ch blitz"]
[Site "Magdeburg"]
[Date "2022.08.21"]
[Round "20"]
[White "Krause, Benedict"]
[Black "Hertneck, Gerald"]
[Result "1-0"]
[WhiteElo "2478"]
[BlackElo "2327"]
[PlyCount "73"]
[EventDate "2022.08.21"]
[EventType "tourn (blitz)"]
[EventRounds "29"]
[EventCountry "GER"]
[EventCategory "5"]
[SourceTitle "CBM 210 Extra"]
[Source "ChessBase"]
[SourceDate "2022.11.30"]
[SourceVersion "1"]
[SourceVersionDate "2022.11.30"]
[SourceQuality "1"]

1. e4 e6 2. d4 d5 3. Nc3 Nc6 4. Nf3 Nf6 5. Bd3 Nb4 6. e5 Nxd3+ 7. cxd3 Nd7 8. Bg5 Be7 9. Bxe7 Qxe7 10. 0-0 0-0 11. Ne2 b6 12. Ng3 c5 13. Re1 cxd4 14. Qa4 a5 15. Qxd4 Qb4 16. Qe3 Ba6 17. d4 Rac8 18. Nh5 h6 19. Qf4 Kh7 20. b3 Bd3 21. Rac1 Bg6 22. Ng3 Nb8 23. h4 f5 24. exf6 Rxf6 25. Qxf6 Rxc1 26. Qxe6 Rxe1+ 27. Qxe1 Nc6 28. Qe3 a4 29. bxa4 Qxa4 30. a3 Qc2 31. h5 Bd3 32. Ne1 Qb1 33. Qxd3+ Qxd3 34. Nxd3 Nxd4 35. Nb4 Nb5 36. Nxd5 Nxa3 37. Nxb6 1-0

[Event "BL2-Ost 2122"]
[Site "Germany"]
[Date "2022.05.14"]
[Round "5.5"]
[White "Hertneck, Gerald"]
[Black "Weishaeutel, Moritz"]
[Result "1/2-1/2"]
[WhiteElo "2478"]
[BlackElo "2407"]
[PlyCount "99"]
[EventDate "2022.03.05"]
[EventType "team-tourn"]
[EventRounds "10"]
[EventCountry "GER"]
[SourceTitle "EXT 2023"]
[Source "ChessBase"]
[SourceDate "2022.10.05"]
[SourceVersion "1"]
[SourceVersionDate "2022.10.05"]
[SourceQuality "1"]
[WhiteTeam "Muenchen Zugzwang"]
[BlackTeam "Erfurt"]
[WhiteTeamCountry "GER"]
[BlackTeamCountry "GER"]

1. d4 Nf6 2. c4 c5 3. d5 b5 4. cxb5 a6 5. f3 axb5 6. e4 Qa5+ 7. Bd2 Qb6 8. Qb3 e6 9. dxe6 fxe6 10. Bxb5 Be7 11. Na3 0-0 12. Nc4 Qa7 13. e5 Nd5 14. Ne2 Nc7 15. Nc3 Bb7 16. 0-0 Nc6 17. Bxc6 Bxc6 18. Qc2 Qa6 19. b3 Rfb8 20. Ne4 Nb5 21. Be3 Nd4 22. Qd3 Bxe4 23. fxe4 Qa7 24. Bxd4 cxd4 25. Rf2 Rf8 26. Raf1 Rxf2 27. Rxf2 Rf8 28. Rxf8+ Bxf8 29. a4 Bb4 30. Kf1 Bc3 31. Nd6 h6 32. Qc4 Bb2 33. Ke2 d3+ 34. Qxd3 Bxe5 35. Nc4 Bxh2 36. Qe3 Qb7 37. g3 d5 38. Nd2 Qc7 39. exd5 exd5 40. Kf2 Qc1 41. Nf1 Qb2+ 42. Qd2 Bxg3+ 43. Kxg3 Qxb3+ 44. Ne3 Qxa4 45. Qxd5+ Kh8 46. Qe5 Qb3 47. Kh4 Qf7 48. Ng4 h5 49. Qxh5+ Qxh5+ 50. Kxh5 1/2-1/2

[Event "BL2-Ost 2122"]
[Site "Germany"]
[Date "2022.03.05"]
[Round "1.6"]
[White "Hertneck, Gerald"]
[Black "Dudin, Gleb"]
[Result "0-1"]
[WhiteElo "2478"]
[BlackElo "2495"]
[PlyCount "158"]
[EventDate "2022.03.05"]
[EventType "team-tourn"]
[EventRounds "10"]
[EventCountry "GER"]
[SourceTitle "EXT 2023"]
[Source "ChessBase"]
[SourceDate "2022.10.05"]
[SourceVersion "1"]
[SourceVersionDate "2022.10.05"]
[SourceQuality "1"]
[WhiteTeam "Muenchen Zugzwang"]
[BlackTeam "Deggendorf"]
[WhiteTeamCountry "GER"]
[BlackTeamCountry "GER"]

1. d4 Nf6 2. Nf3 d5 3. c4 e6 4. g3 Bb4+ 5. Bd2 Bd6 6. Bg2 0-0 7. 0-0 c6 8. Qc2 Nbd7 9. Bf4 Bxf4 10. gxf4 b6 11. cxd5 cxd5 12. Nc3 Bb7 13. f5 Qe7 14. fxe6 fxe6 15. e3 e5 16. dxe5 Nxe5 17. Ng5 Kh8 18. Rad1 Ne4 19. Ncxe4 dxe4 20. f4 Ng4 21. Qe2 Nf6 22. Rd4 Rad8 23. Rfd1 Rxd4 24. Rxd4 h6 25. Nh3 Rc8 26. Qd1 Qf7 27. Rd8+ Rxd8 28. Qxd8+ Kh7 29. b3 Qd5 30. Qxd5 Bxd5 31. Nf2 b5 32. Kf1 b4 33. Ke1 Kg6 34. Kd2 Kh5 35. Bh3 a5 36. Bc8 Kh4 37. Bf5 g5 38. fxg5 hxg5 39. Bc8 Bc6 40. Be6 Bb7 41. Ke2 Bc6 42. Ke1 g4 43. Kd2 Kg5 44. Ke1 Bb5 45. Bc8 Be8 46. Kd2 Bg6 47. Ba6 Bf5 48. Bf1 Kh4 49. Nd1 Nh7 50. Ke1 Ng5 51. Kf2 Nf3 52. Kg2 Ne1+ 53. Kf2 Nd3+ 54. Ke2 Nc1+ 55. Kd2 Nxa2 56. Kc2 g3 57. hxg3+ Kxg3 58. Be2 Bg4 59. Bxg4 Kxg4 60. Nb2 Kf3 61. Nc4 Ke2 62. Nxa5 Kxe3 63. Nc6 Kf3 64. Kb2 e3 65. Kxa2 e2 66. Nd4+ Ke3 67. Nc2+ Kd2 68. Kb2 e1Q 69. Nxe1 Kxe1 70. Kc1 Ke2 71. Kc2 Ke3 72. Kc1 Kd3 73. Kb2 Kd2 74. Kb1 Kc3 75. Ka2 Kc2 76. Ka1 Kxb3 77. Kb1 Ka3 78. Ka1 b3 79. Kb1 b2 0-1

[Event "Bayern-chI Bank Hofmann 24th"]
[Site "Tegernsee"]
[Date "2021.11.06"]
[Round "8"]
[White "Hertneck, Gerald"]
[Black "Mons, Leon"]
[Result "1/2-1/2"]
[WhiteElo "2492"]
[BlackElo "2536"]
[PlyCount "75"]
[EventDate "2021.10.30"]
[EventType "swiss"]
[EventRounds "9"]
[EventCountry "GER"]
[SourceTitle "CBM 205 Extra"]
[Source "ChessBase"]
[SourceDate "2022.01.31"]
[SourceVersion "1"]
[SourceVersionDate "2022.01.31"]
[SourceQuality "1"]

1. d4 Nf6 2. c4 e6 3. Nf3 d5 4. Nc3 Be7 5. Bg5 h6 6. Bh4 0-0 7. e3 b6 8. Bd3 dxc4 9. Bxc4 Bb7 10. 0-0 a6 11. Rc1 b5 12. Bxf6 Bxf6 13. Bd3 Nd7 14. Ne4 Be7 15. Bb1 Rc8 16. Qd3 g6 17. Nc3 c5 18. d5 c4 19. Qc2 exd5 20. Rcd1 Nc5 21. Ne5 Qd6 22. f4 Rfe8 23. Rf3 Bf8 24. Rg3 Bg7 25. Nxf7 Kxf7 26. Rxg6 Re6 27. Qf5+ Rf6 28. Rxf6+ Qxf6 29. Qh5+ Kg8 30. Nxd5 Bxd5 31. Rxd5 Qxb2 32. Qf5 Qc1+ 33. Kf2 Nd3+ 34. Rxd3 cxd3 35. Qd5+ Kf8 36. Qd6+ Kg8 37. Qd5+ Kf8 38. Qd6+ 1/2-1/2

[Event "BL2-Ost 1920"]
[Site "Germany"]
[Date "2021.08.08"]
[Round "10.3"]
[White "Hertneck, Gerald"]
[Black "Enders, Peter"]
[Result "1/2-1/2"]
[WhiteElo "2489"]
[BlackElo "2450"]
[PlyCount "230"]
[EventDate "2019.10.19"]
[EventType "team-tourn"]
[EventRounds "11"]
[EventCountry "GER"]
[SourceTitle "EXT 2023"]
[Source "ChessBase"]
[SourceDate "2022.10.05"]
[SourceVersion "1"]
[SourceVersionDate "2022.10.05"]
[SourceQuality "1"]
[WhiteTeam "Zugzwang MSA"]
[BlackTeam "Erfurt"]
[WhiteTeamCountry "GER"]
[BlackTeamCountry "GER"]

1. d4 Nf6 2. c4 g6 3. Nc3 Bg7 4. e4 d6 5. Nf3 0-0 6. Be2 Nbd7 7. 0-0 e5 8. Qc2 h6 9. Rd1 Nh7 10. dxe5 dxe5 11. c5 c6 12. b4 Qc7 13. Be3 Re8 14. Nd2 Ndf8 15. Nc4 Ne6 16. Nd6 Rf8 17. Qd2 h5 18. Bc4 Nf6 19. Qb2 Qe7 20. f3 h4 21. Nxc8 Raxc8 22. Bxe6 fxe6 23. Bg5 h3 24. Rd6 hxg2 25. Qxg2 Qf7 26. Rad1 a5 27. a3 axb4 28. axb4 Ra8 29. Qh3 Nh7 30. Bd2 Qxf3 31. Qxf3 Rxf3 32. Rxe6 Nf8 33. Rd6 Ra3 34. Ne2 Rab3 35. Ra1 Rf7 36. Bc3 Bh6 37. Rd3 Re7 38. Rg3 Bf4 39. Nc1 Bxg3 40. Nxb3 Bf4 41. Ra8 Rh7 42. Na5 Bxh2+ 43. Kf1 Bf4 44. Rb8 Rh1+ 45. Ke2 g5 46. Rxb7 g4 47. Nxc6 Rh2+ 48. Kd3 Rh3+ 49. Kc4 g3 50. Nxe5 g2 51. Nf3 Ne6 52. Ng1 Rh1 53. Ne2 Rc1 54. Re7 Bd2 55. Rxe6 Rxc3+ 56. Kb5 Kf7 57. Rd6 Rc2 58. Rd3 Be1 59. Ng1 Rb2 60. Re3 Rxb4+ 61. Kc6 Bh4 62. Re2 Be7 63. Nf3 Rb3 64. Rf2 Ke8 65. Ng1 Rg3 66. Kd5 Rc3 67. Rxg2 Rxc5+ 68. Kd4 Ra5 69. Nf3 Ra4+ 70. Ke3 Kf7 71. Rc2 Bd6 72. e5 Bxe5 73. Nxe5+ Ke6 74. Nc4 Ra1 75. Ke4 Rh1 76. Re2 Rh4+ 77. Kd3+ Kf6 78. Nd6 Ra4 79. Nc4 Ra1 80. Kd4 Rd1+ 81. Nd2 Kf5 82. Rf2+ Ke6 83. Kc5 Ke5 84. Re2+ Kf5 85. Kd5 Kf4 86. Re4+ Kf5 87. Rd4 Ra1 88. Nc4 Ra8 89. Nd6+ Kf6 90. Rf4+ Kg5 91. Rf1 Ra5+ 92. Kd4 Ra4+ 93. Nc4 Ra8 94. Kd5 Rd8+ 95. Nd6 Kg4 96. Ke5 Ra8 97. Rf4+ Kh3 98. Nf5 Ra5+ 99. Ke4 Ra4+ 100. Nd4 Ra8 101. Rf6 Kg2 102. Nc2 Re8+ 103. Kd3 Rd8+ 104. Ke2 Kg3 105. Ne3 Kh4 106. Rg6 Rf8 107. Rg1 Kh5 108. Kd3 Rf4 109. Nd5 Ra4 110. Ke3 Kh6 111. Kf3 Kh5 112. Nf6+ Kh6 113. Ne4 Kh5 114. Kf4 Kh6 115. Rg2 Kh5 1/2-1/2